00494nam a2200157Ia 4500003000900000008004100009020001800050040001600068080001900084100001900103245010800122260003600230300001600266650003000282650002400312IN-BaIIA211028s9999 xx 000 0 eng d a0-13-039173-5 cIIA Library a681.382.4bSOC aSoclof, Sidney 0aApplications of analog integrated circuitscSidney Soclof  aNew JerseybPrentice-Hallc1985 axiii, 538p. aAnalog electronic systems aintegrated circuits